| 000 | 00484nam a22001577a 4500 | ||
|---|---|---|---|
| 999 |
_c23111 _d23111 |
||
| 003 | NUST | ||
| 008 | 150522b xxu||||| |||| 00| 0 eng d | ||
| 020 | _a8178081083 | ||
| 038 | _aNusrat Nadeem | ||
| 082 | _a006.3 | ||
| 100 |
_aFreedman, James A. / David M. Skapura _921539 |
||
| 245 |
_aNeural Networks Algorithms, Application, and programming Techniques _bFreedman, James A. / David M. Skapura |
||
| 260 |
_aIndia _bPEARSON _c1991 |
||
| 538 | _iSupercomputing Lab | ||
| 942 |
_cBK _2ddc |
||